000 00813cam a2200289 4500500
005 20260329002717.0
041 _afre
042 _adc
100 1 0 _aEltchaninoff, Michel
_eauthor
245 0 0 _aGestion des ressources inhumaines
260 _c2013.
500 _a1
690 _aChristophe Dejours
690 _aEntreprise
690 _aÉthiopie
690 _aHannah Arendt
690 _aHumanitaire
690 _aJacques Sémelin
690 _aMal
690 _aMichel Eltchaninoff
690 _aMichel Terestchenko
690 _aMilgram
690 _aRony Brauman
690 _aTravail
786 0 _nPhilosophie magazine | 69 | 5 | 2013-05-01 | p. 33-34 | 1951-1787
856 4 1 _uhttps://shs.cairn.info/magazine-philosophie-magazine-2013-5-page-33?lang=fr&redirect-ssocas=7080
999 _c1817660
_d1817660